Crazy facts from around the world - Statistics

General Stats
  • This quiz has been taken 138 times
  • The average score is 7 of 15
Answer Stats
Question Answer % Correct
A search for the Loch Ness monster revealed 100,000 what? Golf balls
73%
What did Victorian women apply to their faces in order to keep the skin white? Arsenic
70%
In 1964, a javelin thrower posted himself by plane in a wooden crate, disguised as a shipment of paint, from London to what country? Australia
63%
How did Beethoven recharge his creative batteries when composing music had worn him out? He poured cold water on his head
61%
Adam Rolston played a "hole" of golf 2,000km long, taking 20,093 shots, in what country? Mongolia
59%
Salvador Dali sometimes walked around with: An anteater
51%
In which country, in 1672, did a mob of rioters kill and eat their prime minister? The Netherlands
48%
The so-called 335 Years War was a conflict between the Dutch and who? The Isles of Scilly
38%
Composer Erik Satie only ate food which was: White
38%
Judy the dog was registered as a prisoner of war by what country? Japan
36%
How did Stuart Kettell get a Brussels sprout to the summit of Snowdon? By pushing it with his nose
35%
In what country are there 60 people whose first name is Hitler? Venezuela
35%
In 2011, an old woman digging for copper in Ksani dug up some wires, cutting off the internet to the entire country of: Armenia
26%
The US military developed a special bomb which was carried by what? Bats
25%
What animal did the US air force use to test ejector seats on fighter jets? Bears
8%
No matching quizzes found
Score Distribution
Percent of People with Each Score
Percentile by Number Answered
Your Score History
You have not taken this quiz